书目信息 |
| 题名: |
纳米电子学
|
|
| 作者: | 杜磊 , 庄奕琪 编著 | |
| 分册: | ||
| 出版信息: | 北京 电子工业出版社 2004.11 |
|
| 页数: | 574页 | |
| 开本: | 23cm | |
| 丛书名: | ||
| 单 册: | ||
| 中图分类: | TN04 | |
| 科图分类: | ||
| 主题词: | 纳米材料--电子材料--研究 | |
| 电子资源: | ||
| ISBN: | 7-121-00447-X | |
| 000 | 01032nam0 2200265 450 | |
| 001 | 010271191017 | |
| 005 | 20051025091513.35 | |
| 010 | @a7-121-00447-X@dCNY46.00 | |
| 100 | @a20050520d2004 km y0chiy0120 ea | |
| 101 | 0 | @achi |
| 102 | @aCN@b110000 | |
| 105 | @ay a 000yy | |
| 200 | 1 | @a纳米电子学@Ana mi dian zi xue@d= Nanoelectronics@f杜磊, 庄奕琪编著@Fdu lei,zhuang yi qi bian zhu |
| 210 | @a北京@c电子工业出版社@d2004.11 | |
| 215 | @a574页@d23cm | |
| 300 | @a"十五"国家重点图书出版规划项目。 | |
| 320 | @a有书目。 | |
| 330 | @a本书内容分为三个部分。第一部分系统地阐述了纳米电子学的基本概念和理论。主要内容包括现代集成电路的物理极限和技术障碍,纳米结构中的新现象(第1章),纳米电子结构及其电子态(第2章),纳米电子器件输运理论(第3章)。第二部分介绍纳米尺度的电子器件;包括共振隧穿? | |
| 510 | 1 | @aNanoelectronics@zeng |
| 606 | 0 | @a纳米材料@x电子材料@x研究 |
| 690 | @aTN04@v4 | |
| 701 | 0 | @a杜磊@Adu lei@4编著 |
| 701 | 0 | @a庄奕琪@Azhuang yi qi@4编著 |
| 801 | 0 | @aCN@bQSSK@c20051025 |
| 905 | @a10447@dTN04@eD833 | |
| 纳米电子学= Nanoelectronics/杜磊, 庄奕琪编著.-北京:电子工业出版社,2004.11 |
| 574页;23cm |
| "十五"国家重点图书出版规划项目。 |
| ISBN 7-121-00447-X:CNY46.00 |
| 本书内容分为三个部分。第一部分系统地阐述了纳米电子学的基本概念和理论。主要内容包括现代集成电路的物理极限和技术障碍,纳米结构中的新现象(第1章),纳米电子结构及其电子态(第2章),纳米电子器件输运理论(第3章)。第二部分介绍纳米尺度的电子器件;包括共振隧穿? |
| ● |
| 相关链接 |
|
|
|
正题名:纳米电子学
索取号:TN04/D833
 
预约/预借
| 序号 | 登录号 | 条形码 | 馆藏地/架位号 | 状态 | 备注 |
| 1 | 572655 | 205726552 | 自科库301/301自科库 24排4列4层/ [索取号:TN04/D833] | 在馆 | |
| 2 | 572656 | 205726561 | 自科二线404/404自科库 18排6列5层/ [索取号:TN04/D833] | 在馆 | |
| 3 | 572657 | 205726570 | 自科二线404/404自科库 18排6列5层/ [索取号:TN04/D833] | 在馆 |